Productividad, equidad y ciudadanía : (Registro nro. 6388)

Detalles MARC
000 -LEADER
fixed length control field 01313nam a2200313Ia 4500
003 - CONTROL NUMBER IDENTIFIER
control field OSt
005 - DATE AND TIME OF LATEST TRANSACTION
control field 20200724135841.0
008 - FIXED-LENGTH DATA ELEMENTS--GENERAL INFORMATION
fixed length control field 191128s1997 ck ad fr 000 0dspa d
020 ## - INTERNATIONAL STANDARD BOOK NUMBER
International Standard Book Number 9589231209
040 ## - CATALOGING SOURCE
Original cataloging agency CO-JMCR
Transcribing agency CO-JMCR
041 0# - LANGUAGE CODE
Language code of text/sound track or separate title spa
082 04 - DEWEY DECIMAL CLASSIFICATION NUMBER
Classification number 338.9861 /
Item number S246p
Edition number 23
100 1# - MAIN ENTRY--PERSONAL NAME
Personal name Sarmiento Palacio, Eduardo,
Relator term autor
9 (RLIN) 945
245 10 - TITLE STATEMENT
Title Productividad, equidad y ciudadanía :
Remainder of title política económica /
Statement of responsibility, etc. Eduardo Sarmiento Palacio, Jorge Iván González y Alvaro Zarda Sarmiento
250 ## - EDITION STATEMENT
Edition statement 1ra. edición
260 ## - PUBLICATION, DISTRIBUTION, ETC.
Place of publication, distribution, etc. Bogotá :
Name of publisher, distributor, etc. Programa de Desarrollo Económico y Social,
Date of publication, distribution, etc. 1997
300 ## - PHYSICAL DESCRIPTION
Extent 109 páginas :
Other physical details gráficos a blanco y negro ;
Dimensions 21 cm.
500 ## - GENERAL NOTE
General note Incluye datos biográficos de los autores en la solapa.
504 ## - BIBLIOGRAPHY, ETC. NOTE
Bibliography, etc. note Bibliografía: página 109
505 0# - FORMATTED CONTENTS NOTE
Formatted contents note En dónde fallan las aperturas -- Mayores intereses y desempleo: el fracaso del simplismo monetarista -- Política activa de empleo en el salto social : una evaluación
650 14 - SUBJECT ADDED ENTRY--TOPICAL TERM
Topical term or geographic name entry element Apertura económica
9 (RLIN) 2295
650 14 - SUBJECT ADDED ENTRY--TOPICAL TERM
Topical term or geographic name entry element Competencia económica
9 (RLIN) 4890
650 14 - SUBJECT ADDED ENTRY--TOPICAL TERM
Topical term or geographic name entry element Equidad social
9 (RLIN) 7786
650 14 - SUBJECT ADDED ENTRY--TOPICAL TERM
Topical term or geographic name entry element Política económica
9 (RLIN) 7787
650 14 - SUBJECT ADDED ENTRY--TOPICAL TERM
Topical term or geographic name entry element Historia económica
9 (RLIN) 7788
700 1# - ADDED ENTRY--PERSONAL NAME
Personal name González, Jorge Iván,
Relator term autor
9 (RLIN) 5104
700 1# - ADDED ENTRY--PERSONAL NAME
Personal name Zarda Sarmiento, Alvaro,
Relator term autor
9 (RLIN) 7789
942 ## - ADDED ENTRY ELEMENTS (KOHA)
Source of classification or shelving scheme Dewey Decimal Classification
Koha item type Books
Existencias
Withdrawn status Lost status Source of classification or shelving scheme Damaged status Not for loan Collection code Home library Current library Date acquired Source of acquisition Full call number Barcode Date last seen Copy number Koha item type
    Dewey Decimal Classification     Non-fiction Biblioteca Pública José María del Castillo y Rada Biblioteca Pública José María del Castillo y Rada 04/15/2018 Donación 338.9861 / S246p 4300002688 11/28/2019 Ej.1 Books